000 00767nam a2200229Ia 4500
001 188
003 GE_BSU
008 181216s||||||||xx |||||||||||||| ||und||
020 _a9789941131059
040 _cGE_BSU
080 _a547(075.8)
100 _aთოფჩიშვილი,ეთერ
245 _aმეტალ(ელემენტ)ორგანული ქიმია
245 _bმოკლე კურსი
260 _aთბილისი
260 _bთბილისის უნივერსიტეტის გამომცემლობა
260 _c2008
300 _a196გვ.
541 _h20ლ.
653 _aმეტალ(ელემენტ)ორგანული ქიმია
942 _cBK
999 _c34444
_d34444